Українська фалеристика (Запис № 16539)

000 -Маркер запису
Контрольне поле сталої довжини 01744nam a22002657a 4500
003 - Належність контрольного номера
Контрольне поле Uzh_bibl
005 - Дата коректування
Контрольне поле 20260121100832.0
008 - Кодовані дані
Контрольне поле сталої довжини 260121b |||||||| |||| 00| 0 ukr d
020 ## - Індекс ISBN
ISBN 966-06-0350-9
Ціна 50.07
040 ## - Джерело каталогіз.
Код мови каталог. укр.
041 ## - Код мови видання
Код мови оригіналу українська
Код мови тексту українська
080 ## - Індекс УДК
Індекс УДК 94(477)
090 ## - Шифри
Поличний індекс 94(477)
Авторський знак У 45
100 ## - Автор
Автор -
245 ## - Назва
Назва Українська фалеристика
Продовж. назви З історії нагородної спадщини
Фізичний носій Текст
260 ## - Вихідні дані
Місце видання Київ
Видавництво "Либідь"
Дата видання 2004
300 ## - Фізичний опис
Обсяг 480 с.
Ілл./тип відтвор. іл.
Тип одиниці В опр.
520 ## - Анотація
Анотація У виданні аналізуються становлення й розвиток вітчизняної нагородної справи з часів Київської Русі до років незалежності України в контексті світової фалерис-тичної спадщини. Розглядаються правові та практичні аспекти нагородної політики незалежної України, узагальнено перший досвід створення цілісної системи нагород найвищого державного рівня. Органічною частиною книги є унікальний документаль-ний, фактичний та ілюстративний матеріал.
521 ## - Примітка про цільове призначення
Примітка про цільове призначення Для широкого кола читачів
546 ## - Примітка про мову
Примітка про мову укр.
650 ## - Тематичні рубрики
Основна рубрика Наукове видання
Основна підрубрика Наукове видання
653 ## - Ключові слова
Ключові слова Помста Петра І
-- Невідомий рукопис сотника Бориса Монкевича
655 ## - Термін індексування — жанр/форма
Жанр/форма Наукова література
942 ## - ADDED ENTRY ELEMENTS (KOHA)
Джерело класифікації чи схема поличного розташування
Koha item type Книги
Фонди
Статус вилучення Статус втрати/відсутності Джерело класифікації чи схема поличного розташування Статус пошкодження Тип обігу (не для випозичання) Постійне розташування Поточне розташування Розташування у відділі Дата надходження Інвентарний номер Total Checkouts Повний (примірниковий) шифр зберігання Штрих-код Date last seen Дата, для якої чинна ціна заміни Тип одиниці (рівень примірника)
          Бібліотека-філія №2 Бібліотека-філія №2 Абонемент старший відділ 21/01/2026 54090   94(477) 18661 21/01/2026 21/01/2026 Книги

Працює на АБІС Коха